| 000 | 00413cam a2200169ua 4500 | ||
|---|---|---|---|
| 020 | _c5.25 | ||
| 041 |
_amal _h |
||
| 082 |
_a894.8121 _bMAN/PA |
||
| 100 | _aThe Mangalodayam Press, . | ||
| 245 | 0 | 0 |
_aPattukal / _cThe Mangalodayam Press. _hTextual Documents |
| 260 |
_aThrissur : _bYogasheman Co. , _c1981. |
||
| 300 | _a528 ; . | ||
| 365 | _a5.25 | ||
| 504 | _a | ||
| 942 | _cBK | ||
| 999 |
_c4524 _d4524 |
||